Statistics for Prime Ministers of Australia

Click here to take the quiz!

General Stats

  • This quiz has been taken 10,017 times
    (3,791 since last reset)
  • The average score is 16 of 30

Answer Stats

Years Prime Minister % Correct
2010-2013Julia Gillard
90%
2018-Scott Morrison
88%
2013-2015Tony Abbott
88%
2015-2018Malcolm Turnbull
86%
2007-2010, 2013Kevin Rudd
84%
1996-2007John Howard
80%
1983-1991Bob Hawke
73%
1991-1996Paul Keating
69%
1966-1967Harold Holt
65%
1972-1975Gough Whitlam
65%
1939-1941, 1949-1966Robert Menzies
61%
1901-1903Edmund Barton
59%
1975-1983Malcolm Fraser
58%
1941-1945John Curtin
51%
1903-1904, 1905-1908, 1909-1910Alfred Deakin
48%
1915-1923Billy Hughes
44%
1971-1972William McMahon
42%
1945-1949Ben Chifley
39%
1968-1971John Gorton
38%
1945Frank Forde
36%
1908-1909, 1910-1913, 1914-1915Andrew Fisher
36%
1932-1939Joseph Lyons
34%
1913-1914Joseph Cook
33%
1904Chris Watson
33%
1904-1905George Reid
33%
1967-1968John McEwen
32%
1923-1929Stanley Bruce
31%
1929-1932James Scullin
31%
1939Earle Page
30%
1941Arthur Fadden
29%

Score Distribution

Percentile by Number Answered

Percent of People with Each Score

Your Score History

You have not taken this quiz since the last reset